000 00746nas a2200253 4500
001 BR8103976
003 BR-BrBNA
005 20231205084823.0
007 ta
008 230509b bl.|||p| |||| 00| 00por d
040 _aBR-BrBNA
_bpor
_cBiblioteca Nacional de Agricultura
041 _a(Pt)
072 _aP12
100 1 _aResende, M.H.
245 1 _aPocos artesianos garantem a producao [Irrigacao; Lavoura; Arroz; Rio Grande do Sul; Brasil]
650 _aDRENAGEM
650 _aIRRIGACAO
650 _aARROZ
650 _aPOCO
650 _aRIO GRANDE DO SUL
773 0 _tLavoura Arrozeira (Brazil)
_xISSN 0023-9143
_g(Mar 1981), v. 34(327) p. 33-38
_wBR8103976
909 _a202311
_bLúcia
_c55
_dLúcia Elande
942 _2AGRIS
_n0
_cANA
999 _c107491
_d107491